000 00418nam a22001817a 4500
003 CEME
005 20210628203333.0
008 210122b xxu||||| |||| 00| 0 eng d
020 _a1-85233-417-7
040 _c.
082 _a511.3 CHA
100 _aChaitin, Gregory J.
_964813
245 _aChaitin, Gregory J.
260 _aUSA
_bSPRINGER
_c2001
300 _a164
650 _aFAIZA
_961097
942 _cBK
_2ddc
999 _c573197
_d573197